Hero of a highland wolf. #14 / Terry Spear.
Available copies
- 1 of 1 copy available at LARL/NWRL Consortium.
- 1 of 1 copy available at Lake Agassiz Regional Library. (Show preferred library)
Current holds
0 current holds with 1 total copy.
Show Only Available Copies
| Location | Call Number / Copy Notes | Barcode | Shelving Location | Status | Due Date |
|---|---|---|---|---|---|
| Moorhead Public Library | SPE (Text) | 33500011754629 | Main | Available | - |
Record details
- ISBN: 1402266863
- ISBN: 9781402266867
- Physical Description: 311 pages ; 18 cm.
- Publisher: Naperville, Illinois : Sourcebooks Casablanca, 2014.
Search for related items by subject
| Subject: | Scots > Fiction. Shapeshifting > Fiction. Werewolves > Fiction. Highlands (Scotland) > Fiction. Paranormal fiction. |
| Genre: | Love stories. |
Search for related items by series
| LDR | 01330cam a2200385Ii 4500 | ||
|---|---|---|---|
| 001 | 170100 | ||
| 003 | LARL_NWRL_CONSORTIUM | ||
| 005 | 20190508135112.0 | ||
| 008 | 130926t20142014ilu 000 1 eng d | ||
| 020 | . | ‡a1402266863 | |
| 020 | . | ‡a9781402266867 | |
| 035 | . | ‡a(OCoLC)858964511 | |
| 040 | . | ‡aYDXCP ‡beng ‡erda ‡cYDXCP ‡dBTCTA ‡dBDX ‡dCGP ‡dOCLCO ‡dHHO | |
| 082 | 0 | 4. | ‡a813/.6 ‡223 |
| 100 | 1 | . | ‡aSpear, Terry. ‡0(LARL_NWRL_CONSORTIUM)220993 |
| 245 | 1 | 0. | ‡aHero of a highland wolf. ‡n#14 / ‡cTerry Spear. |
| 260 | . | ‡aNaperville, Illinois : ‡bSourcebooks Casablanca, ‡c2014. | |
| 260 | . | ‡c©2014 | |
| 300 | . | ‡a311 pages ; ‡c18 cm. | |
| 336 | . | ‡atext ‡btxt ‡2rdacontent | |
| 337 | . | ‡aunmediated ‡bn ‡2rdamedia | |
| 338 | . | ‡avolume ‡bnc ‡2rdacarrier | |
| 490 | 0 | . | ‡aHeart of the wolf ; ‡v14 |
| 650 | 0. | ‡aScots ‡vFiction. | |
| 650 | 0. | ‡aShapeshifting ‡vFiction. | |
| 650 | 0. | ‡aWerewolves ‡vFiction. ‡0(LARL_NWRL_CONSORTIUM)167924 | |
| 651 | 0. | ‡aHighlands (Scotland) ‡vFiction. ‡0(LARL_NWRL_CONSORTIUM)165560 | |
| 650 | 0. | ‡aParanormal fiction. | |
| 655 | 7. | ‡aLove stories. ‡2gsafd | |
| 901 | . | ‡a170100 ‡bOCLC ‡c170100 ‡tbiblio | |

Add to basket
Permalink
Disable Highlighting